00566nam a22001697a 450000500170000001000150001702000260003203500140005803700130007208200120008510000220009724501150011926000290023427000650026330000290032850000390035720181113104247.0 aENG-124481 a9789353065737c599.00 aEN-108013 bDBAD/PUB a519.542 aMiller, Thomas W. aModeling techniques in predictive analytics with python and R:cby Thomas W. Millerba guide to data science / aNew DelhibPearsonc2019 a14 Local Shopping Centre, Panchsheel ParkbNew Delhie110017 axviii,418p.c24cm. (pbk) aIt includes bibliography and Index